| 000 | 00631nas a2200217 4500 | ||
|---|---|---|---|
| 001 | BR9212913 | ||
| 003 | BR-BrBNA | ||
| 005 | 20231205095159.0 | ||
| 007 | ta | ||
| 008 | 230509b bl.|||p| |||| 00| 00por d | ||
| 040 |
_aBR-BrBNA _bpor _cBiblioteca Nacional de Agricultura |
||
| 041 | _a(Pt) | ||
| 072 | _aJ12; K50 | ||
| 100 | 1 | _aAnon. | |
| 245 | 1 | _aTratamento da madeira com oleo de alcatrao | |
| 650 | _aPreservacao da Madeira | ||
| 650 | _aAlcatrao | ||
| 773 | 0 |
_tRevista da Madeira (Brazil) _xISSN 0034-7582 _g(Mar 1984), v. 33(387) p. 14-16 _wBR9212913 |
|
| 909 |
_a202311 _bLúcia _c55 _dLúcia Elande |
||
| 942 |
_2AGRIS _n0 _cANA |
||
| 999 |
_c149119 _d149119 |
||